Matemática: ciclo preparatório - 2º ano
Saved in:
| Main Author: | |
|---|---|
| Other Authors: | |
| Format: | Unknown |
| Language: | Portuguese |
| Published: |
Lisboa
Texto
1984
|
| Edition: | 6ª ed |
| Textbook Catalogue: | MANES: Library Catalog Search Result |
| Textbook Classification: |
|
| Tags: |
Add Tag
No Tags, Be the first to tag this record!
|
| Added to: | 2016-04-26 |
| Changed in: | 2025-04-25 |
MARC
| LEADER | 000000000a22000000004500 | ||
|---|---|---|---|
| 001 | 27087 | ||
| 003 | OSt | ||
| 005 | 20250425111424.0 | ||
| 008 | 160427s pt ||||| |||| 00| 0 por d | ||
| 040 | |c centro_manes | ||
| 041 | 1 | |a por | |
| 100 | 1 | |a Filipe, Leonor |9 15489 | |
| 245 | 0 | 0 | |a Matemática: ciclo preparatório - 2º ano |
| 250 | |a 6ª ed | ||
| 260 | 3 | |a Lisboa |b Texto |c 1984 | |
| 300 | |a 151 p.; |c 24 cm | ||
| 561 | |5 pt-BNP |a Portugal. Biblioteca Nacional de Portugal |k MANES | ||
| 690 | 0 | |a MATE | |
| 691 | |a SE | ||
| 700 | 1 | |a Moreira, Leonor |9 15490 | |
| 942 | |2 ddc |c BK | ||
| 546 | |a Portugal | ||
| 999 | |c 28549 |d 28549 | ||
| 999 | |c manes:28549 |d 28549 | ||